Southville International School and Colleges
Your cart is empty.
  • Cart
  • Lists
    Public lists Eva Luna New books Lux_list list_1
    Your lists Log in to create your own lists
  • Log in to your account
  • Your cookies
  • Search history
Southville International School and Colleges
  • Advanced search
  • Recent comments
  • Most popular
  • Libraries

Log in to your account

Log in with GOOGLE


If you do not have an external account, but do have a local account, you can still log in:

  1. Home
  2. MARC view: Sams teach yourself networking in 24 hours /
Normal view MARC view ISBD view

Sams teach yourself networking in 24 hours / (Record no. 15365)

[ view plain ]
MARC details
000 -LEADER
fixed length control field 01288cam a2200325 a 4500
001 - CONTROL NUMBER
control field 15694401
003 - CONTROL NUMBER IDENTIFIER
control field OSt
005 - DATE AND TIME OF LATEST TRANSACTION
control field 20140310182723.0
008 - FIXED-LENGTH DATA ELEMENTS--GENERAL INFORMATION
fixed length control field 090409s2009 inua b 001 0 eng
010 ## - LIBRARY OF CONGRESS CONTROL NUMBER
LC control number 2009013953
020 ## - INTERNATIONAL STANDARD BOOK NUMBER
International Standard Book Number 9780768685763 (pbk.)
020 ## - INTERNATIONAL STANDARD BOOK NUMBER
International Standard Book Number 0768685761 (pbk.)
035 ## - SYSTEM CONTROL NUMBER
System control number (OCoLC)ocn297146420
040 ## - CATALOGING SOURCE
Original cataloging agency DLC
Transcribing agency DLC
Modifying agency BTCTA
-- YDXCP
-- C#P
-- BWX
-- DLC
050 00 - LIBRARY OF CONGRESS CALL NUMBER
Classification number TK 5105.5
Item number .H385 2009
100 1# - MAIN ENTRY--PERSONAL NAME
Personal name Black, Uyless D.
245 10 - TITLE STATEMENT
Title Sams teach yourself networking in 24 hours /
Statement of responsibility, etc Uyless Black.
250 ## - EDITION STATEMENT
Edition statement 4th ed.
260 ## - PUBLICATION, DISTRIBUTION, ETC. (IMPRINT)
Place of publication, distribution, etc Indianapolis, Ind. :
Name of publisher, distributor, etc Sams,
Date of publication, distribution, etc 2009.
300 ## - PHYSICAL DESCRIPTION
Extent 416 p. :
Other physical details ill. ;
Dimensions 23 cm.
500 ## - GENERAL NOTE
General note Previous ed.: Sams teach yourself networking in 24 hours / Joe Habraken, Matt Hayden. 3rd ed. c2004.
504 ## - BIBLIOGRAPHY, ETC. NOTE
Bibliography, etc Includes bibliographical references and index.
521 ## - TARGET AUDIENCE NOTE
Target audience note
650 #0 - SUBJECT ADDED ENTRY--TOPICAL TERM
Topical term or geographic name as entry element Computer networks.
700 1# - ADDED ENTRY--PERSONAL NAME
Personal name Habraken, Joseph W.,
Dates associated with a name 1954-
Title of a work Sams teach yourself networking in 24 hours.
906 ## - LOCAL DATA ELEMENT F, LDF (RLIN)
a 7
b cbc
c orignew
d 1
e ecip
f 20
g y-gencatlg
942 ## - ADDED ENTRY ELEMENTS (KOHA)
Source of classification or shelving scheme Library of Congress Classification
Koha item type Books
Call number prefix Foreign
Holdings
Withdrawn status Lost status Source of classification or shelving scheme Damaged status Home library Current library Shelving location Date acquired Cost, normal purchase price Total Checkouts Full call number Barcode Date last seen Copy number Price effective from Koha item type
    Library of Congress Classification   College Library College Library General Circulation Section   805.00   TK 5105.5 .H385 2009 C14122 05/15/2018 1 10/18/2013 Books

Sams teach yourself networking in 24 hours /

APA

Black U. D., Habraken J. W., . (2009). Sams teach yourself networking in 24 hours. Indianapolis, Ind: Sams.

Chicago

Black Uyless D, Habraken Joseph W, . 2009. Sams teach yourself networking in 24 hours. Indianapolis, Ind: Sams.

Harvard

Black U. D., Habraken J. W., . (2009). Sams teach yourself networking in 24 hours. Indianapolis, Ind: Sams.

MLA

Black Uyless D, Habraken Joseph W, . Sams teach yourself networking in 24 hours. Indianapolis, Ind: Sams. 2009.

  • Place hold
  • Print
  • Cite
  • Add to your cart (remove)
  • Save record
    BIBTEX Dublin Core MARCXML MARC (non-Unicode/MARC-8) MARC (Unicode/UTF-8) MARC (Unicode/UTF-8, Standard) MODS (XML) RIS
  • More searches
    Search for this title in:
    Other Libraries (WorldCat) Other Databases (Google Scholar) Online Stores (Bookfinder.com) Open Library (openlibrary.org)

Exporting to Dublin Core...

SOUTHVILLE LIBRARY

Southville International School and Colleges Library

1281 Tropical Ave. Cor. Luxembourg St., BF Homes International, Las Pinas City

Tel. No. 8256374 / 252358 Loc. 117/146

Powered by Koha